Psychofarmakoterapie vyššího věku / Jarmila Plevová, Zdeněk Boleloucký
Record details
- ISBN: 80-7169-959-4
- Physical Description: 162 s. : il. ; 23 cm
- Edition: 2., přeprac. a aktualiz. vyd.
- Publisher: Praha : Grada, 2000
Content descriptions
| Bibliography, etc. Note: | Obsahuje bibliografii a rejstřík |
Search for related items by subject
| Subject: | gerontopsychiatrie psychofarmakoterapie Geriatric psychopharmacology Geriatric psychiatry |
| Genre: | monografie |
Search for related items by series
Available copies
- 1 of 1 copy available at Common Catalog SPOK.
Holds
- 0 current holds with 1 total copy.
Show Only Available Copies
| Location | Call Number / Copy Notes | Barcode | Shelving Location | Status | Due Date |
|---|---|---|---|---|---|
| Jabok Library | Psy-8.4/P | 424480014590 | Odborná literatura | Available | - |
| LDR | 01283cam a2200385 a 4500 | ||
|---|---|---|---|
| 001 | 10475 | ||
| 003 | CZ-PrJAB | ||
| 005 | 20180407105205.0 | ||
| 007 | ta | ||
| 008 | 000925s2000 xr a f 001 0 cze | ||
| 015 | . | ‡acnb000887071 | |
| 020 | . | ‡a80-7169-959-4 ‡q(brož.) | |
| 035 | . | ‡a(CZ PrNK)cpk20010887071 | |
| 035 | . | ‡a(OCoLC)46962833 | |
| 040 | . | ‡aULG001 ‡bcze ‡dABA001 | |
| 072 | 7. | ‡a616-053.9 ‡xGeriatrie ‡2Konspekt ‡914 | |
| 080 | . | ‡a616.89-053.9 ‡2MRF | |
| 080 | . | ‡a616-08:615.214 ‡2MRF | |
| 080 | . | ‡a(048.8) ‡2MRF | |
| 100 | 1 | . | ‡aPlevová, Jarmila, ‡d1939- ‡7ola2008455959 ‡4aut |
| 245 | 1 | 0. | ‡aPsychofarmakoterapie vyššího věku / ‡cJarmila Plevová, Zdeněk Boleloucký |
| 250 | . | ‡a2., přeprac. a aktualiz. vyd. | |
| 260 | . | ‡aPraha : ‡bGrada, ‡c2000 | |
| 300 | . | ‡a162 s. : ‡bil. ; ‡c23 cm | |
| 490 | 1 | . | ‡aPsyché |
| 504 | . | ‡aObsahuje bibliografii a rejstřík | |
| 650 | 0 | 7. | ‡agerontopsychiatrie ‡7ph134800 ‡2czenas |
| 650 | 0 | 7. | ‡apsychofarmakoterapie ‡7ph124798 ‡2czenas |
| 650 | 0 | 9. | ‡aGeriatric psychopharmacology ‡2eczenas |
| 650 | 0 | 9. | ‡aGeriatric psychiatry ‡2eczenas |
| 655 | 7. | ‡amonografie ‡7fd132842 ‡2czenas | |
| 700 | 1 | . | ‡aBoleloucký, Zdeněk, ‡d1936- ‡7nlk20020113390 ‡4aut |
| 830 | 0. | ‡aPsyché (Grada) | |
| 910 | . | ‡aABG312 | |
| 901 | . | ‡a10475 ‡bUnknown ‡c10475 ‡tbiblio | |